| 000 | 00582nam a2200193 a 4500 | ||
|---|---|---|---|
| 005 | 20230616063525.0 | ||
| 008 | 991125s1982 es 000 0 spa u | ||
| 020 | _a8437210755 | ||
| 035 | _aUPN01000033540 | ||
| 049 | _aI | ||
| 050 | 4 |
_aGV443 _bG6.3a |
|
| 100 | 1 |
_aGómez del Valle, Pablo _937081 |
|
| 245 | 1 | 0 |
_aJuegos de educación física / _cPablo Gómez del Valle. |
| 260 |
_aMadrid : _bAltea, _c1982. |
||
| 300 |
_a91 p. : _bil. |
||
| 440 | 0 |
_aEnciclopedia de las aficiones ; _v7 |
|
| 650 | 4 |
_aEducación física _xEstudio y enseñanza (Elemental) _911517 |
|
| 905 | _aInfantil | ||
| 999 |
_c33540 _d33540 |
||